|
|
|
|
| LEADER |
00000nam a2200000 a 4500 |
| 001 |
vtls001479818 |
| 003 |
SK-MaSNL |
| 005 |
20260301102814.0 |
| 008 |
240226s2001 xo a slo |
| 015 |
|
|
|a SNBA2004/08-04508
|
| 020 |
|
|
|a 8070996501
|
| 035 |
|
|
|a SNK000435116
|
| 035 |
|
|
|a urn:nbn:sk:snk-amkow7
|
| 035 |
|
|
|a urn:nbn:sk:snk-am003wvu
|
| 035 |
|
|
|a 999DCFC0-49B9-4E46-99B1-393D6EF701C7
|
| 040 |
|
|
|a SNK
|b slo
|c SNK
|e AACR2
|
| 041 |
0 |
|
|a slo
|
| 044 |
|
|
|a xo
|c SK
|
| 072 |
|
7 |
|a 005
|2 konspekt
|
| 080 |
|
|
|a 331.108.23
|2 1981
|
| 080 |
|
|
|a 005.95/.96
|2 1981
|
| 080 |
|
|
|a 005.742-057.162
|2 1981
|
| 080 |
|
|
|a 159.923
|2 1981
|
| 080 |
|
|
|a (075)
|2 1981
|
| 245 |
0 |
0 |
|a Manažérske zručnosti a rozvoj ľudských zdrojov
|b učebnica ďalšieho vzdelávania
|c Soňa Hurná ... [et al.] : [vydané s podporou programu EU Leonardo da Vinci v rámci medzinárodného projektu PROQUA]
|
| 250 |
|
|
|a 2. vyd.
|
| 260 |
|
|
|a Košice
|b Technická univerzita
|c 2001
|
| 300 |
|
|
|a 155 s.
|b grafy, ilustr., sch., tab.
|c 30 cm
|
| 500 |
|
|
|a 25 výtl.
|
| 504 |
|
|
|a Bibliogr. odkazy
|
| 650 |
0 |
7 |
|a personálny manažment
|2 SNKPH
|9 936
|
| 650 |
0 |
7 |
|a ľudské zdoje
|2 SNKPH
|9 439142
|
| 650 |
0 |
7 |
|a manažéri
|2 SNKPH
|9 1758
|
| 650 |
0 |
7 |
|a psychológia osobnosti
|2 SNKPH
|9 3576
|
| 655 |
|
7 |
|a učebnice
|2 SNKPH
|9 22521
|
| 700 |
1 |
|
|a Hurná, Soňa,
|d 1960-
|4 aut
|9 201076
|
| 700 |
1 |
|
|a Jablonská, Jana,
|d 1950-2016
|4 aut
|9 203898
|
| 700 |
1 |
|
|a Macej, Peter
|4 aut
|9 435489
|
| 700 |
1 |
|
|a Sabol, Tomáš,
|d 1957-
|4 aut
|
| 700 |
1 |
|
|a Timčák, Gejza,
|d 1942-
|4 aut
|9 206338
|
| 700 |
1 |
|
|a Zeľová, Alena
|4 aut
|9 6028
|
| 919 |
|
|
|a 80-7099-650-1
|
| 958 |
|
|
|a NB
|
| 968 |
|
|
|d 0
|
| 999 |
|
|
|c 693161
|d 695091
|
| 952 |
|
|
|t P60, <03>, [BOOK], {603}
|a SNK
|b SNK
|y PREZ
|7 0
|p 17A0439147
|o snkSB 69031
|i snkKSP 10596/2004
|0 0
|1 0
|4 0
|d 2004-08-06
|f 1
|l 0
|r 2025-04-23 00:00:00
|w 2026-02-23
|
| 952 |
|
|
|t P60, <04>, [BOOK], {604}
|a SNK
|b SNK
|y VYP
|7 0
|p 17A0439146
|o snkSB 69031 D1
|i snkKSP 10597/2004
|0 0
|1 0
|4 0
|d 2004-08-06
|l 0
|r 2005-01-02 00:00:00
|w 2026-02-23
|